| 000 | 01660nam a22002777a 4500 | ||
|---|---|---|---|
| 003 | OSt | ||
| 005 | 20230823141306.0 | ||
| 008 | 221006b |||||||| |||| 00| 0 eng d | ||
| 040 | _cBiblioteca Lado V | ||
| 082 |
_a700 _bJ88r |
||
| 100 |
_9961 _aJoya, Olga _edirectora |
||
| 245 |
_aRevista Arte & Cultura/ _bCentro de Arte y Cultura UNAH/ |
||
| 260 |
_c2015 _bUniversidad Nacional Autónoma de Honduras _aHonduras |
||
| 300 |
_c21.5x30cm _a147p. |
||
| 490 |
_a1 _vII |
||
| 505 |
_tARTE, CULTURA Y SOCIEDAD _aRUMBO 5 DE LA POSMODERNIDAD Y LAS ARTES VISUALES EN HONDURAS A TRAVÉS DE LAS BIENALES TALLER DE LA MERCED: UNA MIRADA DESDE LA CONTRACULTURA ARTÍSTICA EL ESTADO ACTUAL DE LA EDUCACIÓN FORMAL EN ARTES PLÁSTICAS EN HONDURAS, ESCUELA NACIONAL DE BELLAS ARTES EDUCACIÓN ARTÍSTICA EN LAS ESCUELAS |
||
| 505 |
_tHISTORIA, IDENTIDAD Y MEMORIA _aRAÚL AGÜERO VEGA: RESCATANDO LA MEMORIA VISUAL DEL SIGLO XX LOS NUEVOS PARADIGMAS DEL ARTE AUDIOVISUAL MERCADOS Y CULTURA POPULAR ESCUELA DE ARTES Y OFICIOS |
||
| 505 |
_tPATRIMONIO CULTURAL _aEL MUNICIPIO REPUBLICANO EN HONDURAS, EL CASO DE COMAYAGÜELA COMAYAGÜELA EN LOS TIEMPOS DE LA ORQUESTA VERDI |
||
| 505 | _tActualidad del Teatro Centroamericano | ||
| 505 | _tLa formación de artistas profesionales en la universidad de San Carlos de Guatemala | ||
| 650 |
_2Tesauro de Arte & Arquitectura _aARTE |
||
| 650 |
_2Tesauro de Arte & Arquitectura _aCULTURA _9702 |
||
| 650 |
_2Tesauro de Arte & Arquitectura _aSOCIEDAD _9703 |
||
| 650 |
_2Tesauro de Arte & Arquitectura _aUNIVERSIDAD NACIONAL AUTONOMA DE HONDURAS |
||
| 942 |
_2ddc _c1 _h700 _iJ88r _n0 |
||
| 999 |
_c4196 _d4196 |
||